zpět

Detail výsledku týmu

Koupák, Neratovice

Datum a čas kvízu

19 Celkem bodů Celkový počet nahraných bodů na tomto kvízu bez doplňovacích otázek.
6. Pořadí na kvízu Konečné umístění týmu na tomto kvízu.

Zaznamenané odpovědi

# Otázka Odpověď Body Výsledky
1. Smutné 70. výročí justiční vra... O2 0
2. Sociálními sítěmi koluje video... sex (na zadních sedadlech) 0
3. Do českých kin se ve čtvrtek k... Václav Postránecký 1
4. Předseda vlády Andrej Babiš zi... motýle 1
5. Kolikátý titul mistrů Českoslo... 20. titul 1
6. Toto téma jste si vybrali na n... Kmeny 0
7. Co je primárně typické pro ski... B 0
8. Spisovatel Eduard Bass napsal... Cirkus Humberto 1
9. V lidském společenství najdeme... ektomorf, endomorf, mezomorf 1
10. Poměrně specifickým fenoménem... K-pop 1